000 00687nam a2200217 4500
003 OSt
005 20250830015009.0
006 a
008 240619b |||||||| |||| 00| 0 eng d
020 _a9789814416443
040 _aDWCL-Main lib.
_cOC
082 _aCirc. 658.15 W363s 2012
100 _aWeaver, Samuel C.
245 _aStrategic financial management : applications of corporate finance /
260 _aSingapore :
_bCengage Learning Asia,
_cc2012.
300 _axxix,
_b672 p. ;
_c21 cm.
504 _aIncludes bibliographical references & index.
650 _a1. Corporations–Finance.
650 _a2. Business enterprises–Finance.
942 _2ddc
_n0
_cBK-CIRC
_kCirc.
999 _c905
_d905